| 000 | 00803nam a22002177a 4500 | ||
|---|---|---|---|
| 999 |
_c7386 _d7386 |
||
| 003 | AR-CdUCM | ||
| 008 | 190320b ||||| |||| 00| 0 spa d | ||
| 040 |
_aMUNICIPALIDAD PROVINCIAL DEL CUSCO _cBIBLIOTECA MUNICIPAL DEL CUSCO |
||
| 082 |
_a338.91 / _bL92 |
||
| 100 |
_aLuchaire, Francois _920815 |
||
| 245 | _aLa ayuda a los países subdesarrollados / | ||
| 260 |
_aBarcelona : _bOikos-tau, _c1967. |
||
| 300 |
_a126 páginas ; _c18 cm. |
||
| 440 |
_a¿que es? _n24 _920816 |
||
| 505 | _aPorque ayudar a los países subdesarrollados -- Los problemas de la ayuda -- La ayuda de los organismo internacionales -- Ayuda de los estados... | ||
| 650 |
_aPaíses subdesarrollados. _94148 |
||
| 650 |
_aOrganismo internacionales. _920817 |
||
| 650 |
_aEstados. _920818 |
||
| 942 |
_2ddc _cLIBROS |
||
| 945 | _awfj | ||